Matemáticas para Ingeniería. Álgebra Lineal.
Sparad:
| Huvudupphovsman: | |
|---|---|
| Övriga upphovsmän: | , |
| Materialtyp: | Bok |
| Publicerad: |
Valparaíso, Chile:
Ediciones PUCV,
2024.
|
| Upplaga: | Primera edición |
| Serie: | Colección Ingeniería
|
| Ämnen: | |
| Taggar: |
Lägg till en tagg
Inga taggar, Lägg till första taggen!
|
MARC
| LEADER | 00000nam a22000007a 4500 | ||
|---|---|---|---|
| 003 | CL-VaPUC | ||
| 005 | 20250224152545.0 | ||
| 008 | 240708t2024 ||||| |||| 00| 0 eng d | ||
| 999 | |c 444178 |d 444176 | ||
| 020 | |a 978-956-17-1124-2 Obra completa | ||
| 020 | |a 978-956-17-1128-0 v.4 | ||
| 040 | |c Pontificia Universidad Católica de Valparaíso | ||
| 082 | 7 | |2 22 |a 512.5 GON 2024 | |
| 100 | |a González Yáñez, Betsabé |9 890081 |e autora | ||
| 245 | |a Matemáticas para Ingeniería. |b Álgebra Lineal. | ||
| 250 | |a Primera edición | ||
| 260 | |a Valparaíso, Chile: |b Ediciones PUCV, |c 2024. | ||
| 300 | |a 229 páginas. | ||
| 490 | |a Colección Ingeniería |n 4 | ||
| 500 | |a c.1 Donación Ediciones PUCV. Facultad de Ingeniería 08/07/2024 | ||
| 583 | |c 20240708 |k Angela Raggi | ||
| 650 | 0 | |a Matrices (Matemáticas) |9 269972 | |
| 650 | 0 | |a Geometría vectorial |9 358887 | |
| 650 | 0 | |a Espacios vectoriales |9 21 | |
| 650 | 0 | |a Transformaciones lineales |9 24 | |
| 650 | 0 | |a Matemática para Ingeniería |9 548213 | |
| 700 | |a Parraguez González, Marcela Cecilia |e autora |9 741639 | ||
| 700 | |a Soto Layana, Danae Alejandra |e autora |9 814133 | ||
| 942 | |2 ddc |c BK | ||
| 952 | |0 0 |1 0 |2 ddc |4 0 |6 512_500000000000000_GON_2024 |7 0 |8 A |9 595335 |a BIBING |b BIBING |c GEN |d 2024-07-08 |e Donación |h v.4 |i 5662000 |l 10 |m 8 |o 512.5 GON 2024 |p 5662000 |r 2025-04-11 |s 2025-04-09 |t 1 |w 2024-07-09 |y BK |k ING | ||
| 952 | |0 0 |1 0 |2 ddc |4 0 |6 512_500000000000000_GON_2024 |7 0 |8 A |9 595510 |a BIBING |b BIBING |c GEN |d 2024-07-08 |e Donación |h v.4 |i 5662001 |l 3 |o 512.5 GON 2024 |p 5662001 |r 2025-01-20 |s 2024-11-18 |t 2 |w 2024-07-09 |y BK |k ING | ||
| 952 | |0 0 |1 0 |2 ddc |4 0 |6 512_500000000000000_GON_2024 |7 0 |8 A |9 595511 |a BIBING |b BIBING |c GEN |d 2024-07-08 |e Donación |h v.4 |i 5662002 |o 512.5 GON 2024 |p 5662002 |r 2025-01-20 |t 3 |w 2024-07-09 |y BK |k ING | ||
| 952 | |0 0 |1 0 |2 ddc |4 0 |6 512_500000000000000_GON_2024 |7 0 |8 A |9 595512 |a BIBING |b BIBING |c GEN |d 2024-07-08 |e Donación |h v.4 |i 5662003 |o 512.5 GON 2024 |p 5662003 |r 2025-01-20 |t 4 |w 2024-07-09 |y BK |k ING | ||
| 952 | |0 0 |1 0 |2 ddc |4 0 |6 512_500000000000000_GON_2024 |7 0 |8 A |9 595513 |a BIBING |b BIBING |c GEN |d 2024-07-08 |e Donación |h v.4 |i 5662004 |o 512.5 GON 2024 |p 5662004 |r 2025-01-20 |t 5 |w 2024-07-09 |y BK |k ING | ||
| 952 | |0 0 |1 0 |2 ddc |4 0 |6 512_500000000000000_GON_2024 |7 0 |8 A |9 595514 |a BIBING |b BIBING |c GEN |d 2024-07-08 |e Donación |h v.4 |i 5662005 |o 512.5 GON 2024 |p 5662005 |r 2025-01-20 |t 6 |w 2024-07-09 |y BK |k ING | ||
| 952 | |0 0 |1 0 |2 ddc |4 0 |6 512_500000000000000_GON_2024 |7 0 |8 A |9 595515 |a BIBING |b BIBING |c GEN |d 2024-07-08 |e Donación |h v.4 |i 5662006 |o 512.5 GON 2024 |p 5662006 |r 2025-01-20 |t 7 |w 2024-07-09 |y BK |k ING | ||
| 952 | |0 0 |1 0 |2 ddc |4 0 |6 512_500000000000000_GON_2024 |7 0 |8 A |9 595516 |a BIBING |b BIBING |c GEN |d 2024-07-08 |e Donación |h v.4 |i 5662007 |o 512.5 GON 2024 |p 5662007 |r 2025-01-20 |t 8 |w 2024-07-09 |y BK |k ING | ||
| 952 | |0 0 |1 0 |2 ddc |4 0 |6 512_500000000000000_GON_2024 |7 0 |8 A |9 595517 |a BIBING |b BIBING |c GEN |d 2024-07-08 |e Donación |h v.4 |i 5662008 |o 512.5 GON 2024 |p 5662008 |r 2025-01-20 |t 9 |w 2024-07-09 |y BK |k ING | ||
| 952 | |0 0 |1 0 |2 ddc |4 0 |6 512_500000000000000_GON_2024 |7 0 |8 A |9 595518 |a BIBING |b BIBING |c GEN |d 2024-07-08 |e Donación |h v.4 |i 5662009 |l 4 |m 1 |o 512.5 GON 2024 |p 5662009 |r 2025-01-20 |s 2024-11-12 |t 10 |w 2024-07-09 |y BK |k ING | ||
| 952 | |0 0 |1 0 |2 ddc |4 0 |6 512_500000000000000_GON_2024 |7 0 |8 A |9 595519 |a BIBING |b BIBING |c GEN |d 2024-07-08 |e Donación |h v.4 |i 5662010 |o 512.5 GON 2024 |p 5662010 |r 2025-01-20 |t 11 |w 2024-07-09 |y BK |k ING | ||
| 952 | |0 0 |1 0 |2 ddc |4 0 |6 512_500000000000000_GON_2024 |7 0 |8 A |9 595520 |a BIBING |b BIBING |c GEN |d 2024-07-08 |e Donación |h v.4 |i 5662011 |o 512.5 GON 2024 |p 5662011 |r 2025-01-20 |t 12 |w 2024-07-09 |y BK |k ING | ||
| 952 | |0 0 |1 0 |2 ddc |4 0 |6 512_500000000000000_GON_2024 |7 0 |8 A |9 595521 |a BIBING |b BIBING |c GEN |d 2024-07-08 |e Donación |h v.4 |i 5662012 |o 512.5 GON 2024 |p 5662012 |r 2025-01-20 |t 13 |w 2024-07-09 |y BK |k ING | ||
| 952 | |0 0 |1 0 |2 ddc |4 0 |6 512_500000000000000_GON_2024 |7 0 |8 A |9 595522 |a BIBING |b BIBING |c GEN |d 2024-07-08 |e Donación |h v.4 |i 5662013 |l 1 |o 512.5 GON 2024 |p 5662013 |r 2025-01-20 |s 2024-08-06 |t 14 |w 2024-07-09 |y BK |k ING | ||
| 952 | |0 0 |1 0 |2 ddc |4 0 |6 512_500000000000000_GON_2024 |7 0 |8 A |9 595523 |a BIBING |b BIBING |c GEN |d 2024-07-08 |e Donación |h v.4 |i 5662014 |o 512.5 GON 2024 |p 5662014 |r 2025-01-20 |t 15 |w 2024-07-09 |y BK |k ING | ||
| 952 | |0 0 |1 0 |2 ddc |4 0 |6 512_500000000000000_GON_2024 |7 0 |8 A |9 595524 |a BIBING |b BIBING |c GEN |d 2024-07-08 |e Donación |h v.4 |i 5662015 |o 512.5 GON 2024 |p 5662015 |r 2025-01-20 |t 16 |w 2024-07-09 |y BK |k ING | ||
| 952 | |0 0 |1 0 |2 ddc |4 0 |6 512_500000000000000_GON_2024 |7 0 |8 A |9 595525 |a BIBING |b BIBING |c GEN |d 2024-07-08 |e Donación |h v.4 |i 5662016 |o 512.5 GON 2024 |p 5662016 |r 2025-01-20 |t 17 |w 2024-07-09 |y BK |k ING | ||
| 952 | |0 0 |1 0 |2 ddc |4 0 |6 512_500000000000000_GON_2024 |7 0 |8 A |9 595526 |a BIBING |b BIBING |c GEN |d 2024-07-08 |e Donación |h v.4 |i 5662017 |l 2 |o 512.5 GON 2024 |p 5662017 |r 2025-01-20 |s 2024-11-13 |t 18 |w 2024-07-09 |y BK |k ING | ||
| 952 | |0 0 |1 0 |2 ddc |4 0 |6 512_500000000000000_GON_2024 |7 0 |8 A |9 595527 |a BIBING |b BIBING |c GEN |d 2024-07-08 |e Donación |h v.4 |i 5662018 |o 512.5 GON 2024 |p 5662018 |r 2025-01-20 |t 19 |w 2024-07-09 |y BK |k ING | ||
| 952 | |0 0 |1 0 |2 ddc |4 0 |6 512_500000000000000_GON_2024 |7 0 |8 A |9 595528 |a BIBING |b BIBING |c GEN |d 2024-07-08 |e Donación |h v.4 |i 5662019 |o 512.5 GON 2024 |p 5662019 |r 2025-01-20 |t 20 |w 2024-07-09 |y BK |k ING | ||
| 952 | |0 0 |1 0 |2 ddc |4 0 |6 512_500000000000000_GON_2024 |7 0 |8 A |9 595529 |a BIBING |b BIBING |c GEN |d 2024-07-08 |e Donación |h v.4 |i 5662020 |o 512.5 GON 2024 |p 5662020 |r 2025-01-20 |t 21 |w 2024-07-09 |y BK |k ING | ||
| 952 | |0 0 |1 0 |2 ddc |4 0 |6 512_500000000000000_GON_2024 |7 0 |8 A |9 595530 |a BIBING |b BIBING |c GEN |d 2024-07-08 |e Donación |h v.4 |i 5662021 |o 512.5 GON 2024 |p 5662021 |r 2025-01-20 |t 22 |w 2024-07-09 |y BK |k ING | ||
| 952 | |0 0 |1 0 |2 ddc |4 0 |6 512_500000000000000_GON_2024 |7 0 |8 A |9 595531 |a BIBING |b BIBING |c GEN |d 2024-07-08 |e Donación |h v.4 |i 5662022 |l 1 |o 512.5 GON 2024 |p 5662022 |r 2025-01-20 |s 2024-11-11 |t 23 |w 2024-07-09 |y BK |k ING | ||
| 952 | |0 0 |1 0 |2 ddc |4 0 |6 512_500000000000000_GON_2024 |7 0 |8 A |9 595532 |a BIBING |b BIBING |c GEN |d 2024-07-08 |e Donación |h v.4 |i 5662023 |l 2 |m 2 |o 512.5 GON 2024 |p 5662023 |r 2025-01-20 |s 2024-11-04 |t 24 |w 2024-07-09 |y BK |k ING | ||
| 952 | |0 0 |1 0 |2 ddc |4 0 |6 512_500000000000000_GON_2024 |7 0 |8 A |9 595533 |a BIBING |b BIBING |c GEN |d 2024-07-08 |e Donación |h v.4 |i 5662024 |l 3 |o 512.5 GON 2024 |p 5662024 |r 2025-01-20 |s 2024-11-18 |t 25 |w 2024-07-09 |y BK |k ING | ||
| 952 | |0 0 |1 0 |2 ddc |4 0 |6 512_500000000000000_GON_2024 |7 0 |8 A |9 595697 |a BIBING |b BIBING |c GEN |d 2024-07-08 |e Donación |h v.4 |i 5662025 |l 4 |m 2 |o 512.5 GON 2024 |p 5662025 |q 2025-05-14 |r 2025-05-07 |s 2025-05-07 |t 26 |w 2024-07-09 |y BK |k ING | ||
| 952 | |0 0 |1 0 |2 ddc |4 0 |6 512_500000000000000_GON_2024 |7 0 |8 A |9 595698 |a BIBING |b BIBING |c GEN |d 2024-07-08 |e Donación |h v.4 |i 5662026 |l 5 |m 6 |o 512.5 GON 2024 |p 5662026 |r 2025-01-20 |s 2024-10-16 |t 27 |w 2024-07-09 |y BK |k ING | ||
| 952 | |0 0 |1 0 |2 ddc |4 0 |6 512_500000000000000_GON_2024 |7 0 |8 A |9 595699 |a BIBING |b BIBING |c GEN |d 2024-07-08 |e Donación |h v.4 |i 5662027 |l 2 |m 1 |o 512.5 GON 2024 |p 5662027 |r 2025-01-20 |s 2024-11-04 |t 28 |w 2024-07-09 |y BK |k ING | ||
| 952 | |0 0 |1 0 |2 ddc |4 0 |6 512_500000000000000_GON_2024 |7 0 |8 A |9 595700 |a BIBING |b BIBING |c GEN |d 2024-07-08 |e Donación |h v.4 |i 5662028 |o 512.5 GON 2024 |p 5662028 |r 2025-01-20 |t 29 |w 2024-07-09 |y BK |k ING | ||
| 952 | |0 0 |1 0 |2 ddc |4 0 |6 512_500000000000000_GON_2024 |7 0 |8 A |9 595701 |a BIBING |b BIBING |c GEN |d 2024-07-08 |e Donación |h v.4 |i 5662029 |o 512.5 GON 2024 |p 5662029 |r 2025-01-20 |t 30 |w 2024-07-09 |y BK |k ING | ||
| 952 | |0 0 |1 0 |2 ddc |4 0 |6 512_500000000000000_GON_2024 |7 0 |8 A |9 595702 |a BIBING |b BIBING |c GEN |d 2024-07-08 |e Donación |h v.4 |i 5662030 |o 512.5 GON 2024 |p 5662030 |r 2025-01-20 |t 31 |w 2024-07-09 |y BK |k ING | ||
| 952 | |0 0 |1 0 |2 ddc |4 0 |6 512_500000000000000_GON_2024 |7 0 |8 A |9 595703 |a BIBING |b BIBING |c GEN |d 2024-07-08 |e Donación |h v.4 |i 5662031 |l 2 |m 1 |o 512.5 GON 2024 |p 5662031 |r 2025-01-20 |s 2024-11-11 |t 32 |w 2024-07-09 |y BK |k ING | ||
| 952 | |0 0 |1 0 |2 ddc |4 0 |6 512_500000000000000_GON_2024 |7 0 |8 A |9 595704 |a BIBING |b BIBING |c GEN |d 2024-07-08 |e Donación |h v.4 |i 5662032 |l 7 |m 2 |o 512.5 GON 2024 |p 5662032 |r 2025-01-20 |s 2024-11-05 |t 33 |w 2024-07-09 |y BK |k ING | ||
| 952 | |0 0 |1 0 |2 ddc |4 0 |6 512_500000000000000_GON_2024 |7 0 |8 A |9 595705 |a BIBING |b BIBING |c GEN |d 2024-07-08 |e Donación |h v.4 |i 5662033 |l 1 |o 512.5 GON 2024 |p 5662033 |r 2025-01-20 |s 2024-10-25 |t 34 |w 2024-07-09 |y BK |k ING | ||
| 952 | |0 0 |1 0 |2 ddc |4 0 |6 512_500000000000000_GON_2024 |7 0 |8 A |9 595706 |a BIBING |b BIBING |c GEN |d 2024-07-08 |e Donación |h v.4 |i 5662034 |l 5 |m 3 |o 512.5 GON 2024 |p 5662034 |r 2025-04-16 |s 2025-04-02 |t 35 |w 2024-07-09 |y BK |k ING | ||
| 952 | |0 0 |1 0 |2 ddc |4 0 |6 512_500000000000000_GON_2024 |7 0 |8 A |9 595707 |a BIBING |b BIBING |c GEN |d 2024-07-08 |e Donación |h v.4 |i 5662035 |l 2 |o 512.5 GON 2024 |p 5662035 |q 2025-05-14 |r 2025-05-07 |s 2025-05-07 |t 36 |w 2024-07-09 |y BK |k ING | ||
| 952 | |0 0 |1 0 |2 ddc |4 0 |6 512_500000000000000_GON_2024 |7 0 |8 A |9 595708 |a BIBING |b BIBING |c GEN |d 2024-07-08 |e Donación |h v.4 |i 5662036 |o 512.5 GON 2024 |p 5662036 |r 2025-01-20 |t 37 |w 2024-07-09 |y BK |k ING | ||
| 952 | |0 0 |1 0 |2 ddc |4 0 |6 512_500000000000000_GON_2024 |7 0 |8 A |9 595709 |a BIBING |b BIBING |c GEN |d 2024-07-08 |e Donación |h v.4 |i 5662037 |o 512.5 GON 2024 |p 5662037 |r 2025-01-20 |t 38 |w 2024-07-09 |y BK |k ING | ||
| 952 | |0 0 |1 0 |2 ddc |4 0 |6 512_500000000000000_GON_2024 |7 0 |8 A |9 595710 |a BIBING |b BIBING |c GEN |d 2024-07-08 |e Donación |h v.4 |i 5662038 |l 2 |o 512.5 GON 2024 |p 5662038 |r 2025-01-20 |s 2024-10-15 |t 39 |w 2024-07-09 |y BK |k ING | ||
| 952 | |0 0 |1 0 |2 ddc |4 0 |6 512_500000000000000_GON_2024 |7 0 |8 A |9 595711 |a BIBING |b BIBING |c GEN |d 2024-07-08 |e Donación |h v.4 |i 5662039 |l 1 |o 512.5 GON 2024 |p 5662039 |r 2025-01-20 |s 2024-08-07 |t 40 |w 2024-07-09 |y BK |k ING | ||
| 952 | |0 0 |1 0 |2 ddc |4 0 |6 512_500000000000000_GON_2024 |7 0 |8 A |9 595712 |a BIBING |b BIBING |c GEN |d 2024-07-08 |e Donación |h v.4 |i 5662040 |l 1 |o 512.5 GON 2024 |p 5662040 |r 2025-01-20 |s 2024-08-06 |t 41 |w 2024-07-09 |y BK |k ING | ||
| 952 | |0 0 |1 0 |2 ddc |4 0 |6 512_500000000000000_GON_2024 |7 0 |8 A |9 595713 |a BIBING |b BIBING |c GEN |d 2024-07-08 |e Donación |h v.4 |i 5662041 |l 1 |o 512.5 GON 2024 |p 5662041 |r 2025-01-20 |s 2024-09-30 |t 42 |w 2024-07-09 |y BK |k ING | ||
| 952 | |0 0 |1 0 |2 ddc |4 0 |6 512_500000000000000_GON_2024 |7 0 |8 A |9 595714 |a BIBING |b BIBING |c GEN |d 2024-07-08 |e Donación |h v.4 |i 5662042 |o 512.5 GON 2024 |p 5662042 |r 2025-01-20 |t 43 |w 2024-07-09 |y BK |k ING | ||
| 952 | |0 0 |1 0 |2 ddc |4 0 |6 512_500000000000000_GON_2024 |7 0 |8 A |9 595715 |a BIBING |b BIBING |c GEN |d 2024-07-08 |e Donación |h v.4 |i 5662043 |l 4 |m 2 |o 512.5 GON 2024 |p 5662043 |r 2025-01-20 |s 2024-10-14 |t 44 |w 2024-07-09 |y BK |k ING | ||
| 952 | |0 0 |1 0 |2 ddc |4 0 |6 512_500000000000000_GON_2024 |7 0 |8 A |9 595716 |a BIBING |b BIBING |c GEN |d 2024-07-08 |e Donación |h v.4 |i 5662044 |l 1 |m 2 |o 512.5 GON 2024 |p 5662044 |r 2025-01-20 |s 2024-09-26 |t 45 |w 2024-07-09 |y BK |k ING | ||
| 952 | |0 0 |1 0 |2 ddc |4 0 |6 512_500000000000000_GON_2024 |7 0 |8 A |9 595717 |a BIBING |b BIBING |c GEN |d 2024-07-08 |e Donación |h v.4 |i 5662045 |l 1 |o 512.5 GON 2024 |p 5662045 |r 2025-01-20 |s 2024-08-07 |t 46 |w 2024-07-09 |y BK |k ING | ||
| 952 | |0 0 |1 0 |2 ddc |4 0 |6 512_500000000000000_GON_2024 |7 0 |8 A |9 595718 |a BIBING |b BIBING |c GEN |d 2024-07-08 |e Donación |h v.4 |i 5662046 |l 5 |m 2 |o 512.5 GON 2024 |p 5662046 |r 2025-01-20 |s 2024-10-23 |t 47 |w 2024-07-09 |y BK |k ING | ||
| 952 | |0 0 |1 0 |2 ddc |4 0 |6 512_500000000000000_GON_2024 |7 0 |8 A |9 595719 |a BIBING |b BIBING |c GEN |d 2024-07-08 |e Donación |h v.4 |i 5662047 |l 1 |o 512.5 GON 2024 |p 5662047 |r 2025-01-20 |s 2024-08-07 |t 48 |w 2024-07-09 |y BK |k ING | ||
| 952 | |0 0 |1 0 |2 ddc |4 0 |6 512_500000000000000_GON_2024 |7 0 |8 A |9 595720 |a BIBING |b BIBING |c GEN |d 2024-07-08 |e Donación |h v.4 |i 5662048 |l 4 |m 2 |o 512.5 GON 2024 |p 5662048 |r 2025-01-20 |s 2024-11-06 |t 49 |w 2024-07-09 |y BK |k ING | ||
| 952 | |0 0 |1 0 |2 ddc |4 0 |6 512_500000000000000_GON_2024 |7 0 |8 A |9 595721 |a BIBING |b BIBING |c GEN |d 2024-07-08 |e Donación |h v.4 |i 5662049 |l 1 |o 512.5 GON 2024 |p 5662049 |r 2025-01-20 |s 2024-09-04 |t 50 |w 2024-07-09 |y BK |k ING | ||
| 952 | |0 0 |1 0 |2 ddc |4 0 |6 512_500000000000000_GON_2024 |7 0 |8 A |9 595871 |a BIBING |b BIBING |c GEN |d 2024-07-08 |e Donación |h v.4 |i 5662050 |l 1 |m 1 |o 512.5 GON 2024 |p 5662050 |r 2025-01-20 |s 2024-08-23 |t 51 |w 2024-07-09 |y BK |k ING | ||
| 952 | |0 0 |1 0 |2 ddc |4 0 |6 512_500000000000000_GON_2024 |7 0 |8 A |9 595872 |a BIBING |b BIBING |c GEN |d 2024-07-08 |e Donación |h v.4 |i 5662051 |l 4 |m 3 |o 512.5 GON 2024 |p 5662051 |r 2025-01-20 |s 2024-10-08 |t 52 |w 2024-07-09 |y BK |k ING | ||
| 952 | |0 0 |1 0 |2 ddc |4 0 |6 512_500000000000000_GON_2024 |7 0 |8 A |9 595873 |a BIBING |b BIBING |c GEN |d 2024-07-08 |e Donación |h v.4 |i 5662052 |l 2 |o 512.5 GON 2024 |p 5662052 |r 2025-01-20 |s 2024-10-15 |t 53 |w 2024-07-09 |y BK |k ING | ||
| 952 | |0 0 |1 0 |2 ddc |4 0 |6 512_500000000000000_GON_2024 |7 0 |8 A |9 595874 |a BIBING |b BIBING |c GEN |d 2024-07-08 |e Donación |h v.4 |i 5662053 |l 2 |m 3 |o 512.5 GON 2024 |p 5662053 |r 2025-01-20 |s 2024-09-02 |t 54 |w 2024-07-09 |y BK |k ING | ||
| 952 | |0 0 |1 0 |2 ddc |4 0 |6 512_500000000000000_GON_2024 |7 0 |8 A |9 595875 |a BIBING |b BIBING |c GEN |d 2024-07-08 |e Donación |h v.4 |i 5662054 |l 2 |m 5 |o 512.5 GON 2024 |p 5662054 |r 2025-01-20 |s 2024-10-10 |t 55 |w 2024-07-09 |y BK |k ING | ||
| 952 | |0 0 |1 0 |2 ddc |4 0 |6 512_500000000000000_GON_2024 |7 0 |8 A |9 595876 |a BIBING |b BIBING |c GEN |d 2024-07-08 |e Donación |h v.4 |i 5662055 |l 5 |m 5 |o 512.5 GON 2024 |p 5662055 |r 2025-01-20 |s 2024-10-23 |t 56 |w 2024-07-09 |y BK |k ING | ||
| 952 | |0 0 |1 0 |2 ddc |4 0 |6 512_500000000000000_GON_2024 |7 0 |8 A |9 595877 |a BIBING |b BIBING |c GEN |d 2024-07-08 |e Donación |h v.4 |i 5662056 |l 4 |m 2 |o 512.5 GON 2024 |p 5662056 |r 2025-01-20 |s 2024-10-14 |t 57 |w 2024-07-09 |y BK |k ING | ||
| 952 | |0 0 |1 0 |2 ddc |4 0 |6 512_500000000000000_GON_2024 |7 0 |8 A |9 595878 |a BIBING |b BIBING |c GEN |d 2024-07-08 |e Donación |h v.4 |i 5662057 |l 7 |m 5 |o 512.5 GON 2024 |p 5662057 |r 2025-01-20 |s 2024-11-28 |t 58 |w 2024-07-09 |y BK |k ING | ||
| 952 | |0 0 |1 0 |2 ddc |4 0 |6 512_500000000000000_GON_2024 |7 0 |8 A |9 595879 |a BIBING |b BIBING |c GEN |d 2024-07-08 |e Donación |h v.4 |i 5662058 |l 3 |m 1 |o 512.5 GON 2024 |p 5662058 |r 2025-01-20 |s 2024-10-08 |t 59 |w 2024-07-09 |y BK |k ING | ||
| 952 | |0 0 |1 0 |2 ddc |4 0 |6 512_500000000000000_GON_2024 |7 0 |8 A |9 595880 |a BIBING |b BIBING |c GEN |d 2024-07-08 |e Donación |h v.4 |i 5662059 |l 1 |o 512.5 GON 2024 |p 5662059 |r 2025-01-20 |s 2024-08-13 |t 60 |w 2024-07-09 |y BK |k ING | ||
| 952 | |0 0 |1 0 |2 ddc |4 0 |6 512_500000000000000_GON_2024 |7 0 |8 A |9 595881 |a BIBING |b BIBING |c GEN |d 2024-07-08 |e Donación |h v.4 |i 5662060 |l 2 |o 512.5 GON 2024 |p 5662060 |r 2025-04-21 |s 2025-04-16 |t 61 |w 2024-07-09 |y BK |k ING | ||
| 952 | |0 0 |1 0 |2 ddc |4 0 |6 512_500000000000000_GON_2024 |7 0 |8 A |9 595882 |a BIBING |b BIBING |c GEN |d 2024-07-08 |e Donación |h v.4 |i 5662061 |l 1 |o 512.5 GON 2024 |p 5662061 |q 2025-05-13 |r 2025-05-06 |s 2025-05-06 |t 62 |w 2024-07-09 |y BK |k ING | ||
| 952 | |0 0 |1 0 |2 ddc |4 0 |6 512_500000000000000_GON_2024 |7 0 |8 A |9 595883 |a BIBING |b BIBING |c GEN |d 2024-07-08 |e Donación |h v.4 |i 5662062 |o 512.5 GON 2024 |p 5662062 |r 2025-01-20 |t 63 |w 2024-07-09 |y BK |k ING | ||
| 952 | |0 0 |1 0 |2 ddc |4 0 |6 512_500000000000000_GON_2024 |7 0 |8 A |9 595884 |a BIBING |b BIBING |c GEN |d 2024-07-08 |e Donación |h v.4 |i 5662063 |o 512.5 GON 2024 |p 5662063 |r 2025-01-20 |t 64 |w 2024-07-09 |y BK |k ING | ||
| 952 | |0 0 |1 0 |2 ddc |4 0 |6 512_500000000000000_GON_2024 |7 0 |8 A |9 595885 |a BIBING |b BIBING |c GEN |d 2024-07-08 |e Donación |h v.4 |i 5662064 |o 512.5 GON 2024 |p 5662064 |r 2025-01-20 |t 65 |w 2024-07-09 |y BK |k ING | ||
| 952 | |0 0 |1 0 |2 ddc |4 0 |6 512_500000000000000_GON_2024 |7 0 |8 A |9 595886 |a BIBING |b BIBING |c GEN |d 2024-07-08 |e Donación |h v.4 |i 5662065 |o 512.5 GON 2024 |p 5662065 |r 2025-01-20 |t 66 |w 2024-07-09 |y BK |k ING | ||
| 952 | |0 0 |1 0 |2 ddc |4 0 |6 512_500000000000000_GON_2024 |7 0 |8 A |9 595887 |a BIBING |b BIBING |c GEN |d 2024-07-08 |e Donación |h v.4 |i 5662066 |o 512.5 GON 2024 |p 5662066 |r 2025-01-20 |t 67 |w 2024-07-09 |y BK |k ING | ||
| 952 | |0 0 |1 0 |2 ddc |4 0 |6 512_500000000000000_GON_2024 |7 0 |8 A |9 595888 |a BIBING |b BIBING |c GEN |d 2024-07-08 |e Donación |h v.4 |i 5662067 |o 512.5 GON 2024 |p 5662067 |r 2025-01-20 |t 68 |w 2024-07-09 |y BK |k ING | ||
| 952 | |0 0 |1 0 |2 ddc |4 0 |6 512_500000000000000_GON_2024 |7 0 |8 A |9 595889 |a BIBING |b BIBING |c GEN |d 2024-07-08 |e Donación |h v.4 |i 5662068 |l 1 |m 2 |o 512.5 GON 2024 |p 5662068 |r 2025-04-10 |s 2025-03-27 |t 69 |w 2024-07-09 |y BK |k ING | ||
| 952 | |0 0 |1 0 |2 ddc |4 0 |6 512_500000000000000_GON_2024 |7 0 |8 A |9 595890 |a BIBING |b BIBING |c GEN |d 2024-07-08 |e Donación |h v.4 |i 5662069 |o 512.5 GON 2024 |p 5662069 |r 2025-01-20 |t 70 |w 2024-07-09 |y BK |k ING | ||
| 952 | |0 0 |1 0 |2 ddc |4 0 |6 512_500000000000000_GON_2024 |7 0 |8 A |9 595891 |a BIBING |b BIBING |c GEN |d 2024-07-08 |e Donación |h v.4 |i 5662070 |l 1 |o 512.5 GON 2024 |p 5662070 |q 2025-05-14 |r 2025-05-07 |s 2025-05-07 |t 71 |w 2024-07-09 |y BK |k ING | ||
| 952 | |0 0 |1 0 |2 ddc |4 0 |6 512_500000000000000_GON_2024 |7 0 |8 A |9 595892 |a BIBING |b BIBING |c GEN |d 2024-07-08 |e Donación |h v.4 |i 5662071 |l 2 |m 1 |o 512.5 GON 2024 |p 5662071 |r 2025-04-11 |s 2025-04-09 |t 72 |w 2024-07-09 |y BK |k ING | ||
| 952 | |0 0 |1 0 |2 ddc |4 0 |6 512_500000000000000_GON_2024 |7 0 |8 A |9 595893 |a BIBING |b BIBING |c GEN |d 2024-07-08 |e Donación |h v.4 |i 5662072 |o 512.5 GON 2024 |p 5662072 |r 2025-01-20 |t 73 |w 2024-07-09 |y BK |k ING | ||
| 952 | |0 0 |1 0 |2 ddc |4 0 |6 512_500000000000000_GON_2024 |7 0 |8 A |9 595894 |a BIBING |b BIBING |c GEN |d 2024-07-08 |e Donación |h v.4 |i 5662073 |o 512.5 GON 2024 |p 5662073 |r 2025-01-20 |t 74 |w 2024-07-09 |y BK |k ING | ||
| 952 | |0 0 |1 0 |2 ddc |4 0 |6 512_500000000000000_GON_2024 |7 0 |8 A |9 595895 |a BIBING |b BIBING |c GEN |d 2024-07-08 |e Donación |h v.4 |i 5662074 |o 512.5 GON 2024 |p 5662074 |r 2025-01-20 |t 75 |w 2024-07-09 |y BK |k ING | ||
| 952 | |0 0 |1 0 |2 ddc |4 0 |6 512_500000000000000_GON_2024 |7 0 |8 A |9 596018 |a BIBING |b BIBING |d 2024-07-08 |e Donación |h v.4 |i 5662075 |o 512.5 GON 2024 |p 5662075 |r 2025-01-20 |t 76 |w 2024-07-09 |y BK |k ING | ||
| 952 | |0 0 |1 0 |2 ddc |4 0 |6 512_500000000000000_GON_2024 |7 0 |8 A |9 596019 |a BIBING |b BIBING |d 2024-07-08 |e Donación |h v.4 |i 5662076 |l 1 |o 512.5 GON 2024 |p 5662076 |r 2025-01-20 |s 2024-08-09 |t 77 |w 2024-07-09 |y BK |k ING | ||
| 952 | |0 0 |1 0 |2 ddc |4 0 |6 512_500000000000000_GON_2024 |7 0 |8 A |9 596020 |a BIBING |b BIBING |d 2024-07-08 |e Donación |h v.4 |i 5662077 |l 5 |m 3 |o 512.5 GON 2024 |p 5662077 |r 2025-01-20 |s 2024-11-11 |t 78 |w 2024-07-09 |y BK |k ING | ||
| 952 | |0 0 |1 0 |2 ddc |4 0 |6 512_500000000000000_GON_2024 |7 0 |8 A |9 596021 |a BIBING |b BIBING |d 2024-07-08 |e Donación |h v.4 |i 5662078 |o 512.5 GON 2024 |p 5662078 |r 2025-01-20 |t 79 |w 2024-07-09 |y BK |k ING | ||
| 952 | |0 0 |1 0 |2 ddc |4 0 |6 512_500000000000000_GON_2024 |7 0 |8 A |9 596022 |a BIBING |b BIBING |d 2024-07-08 |e Donación |h v.4 |i 5662079 |o 512.5 GON 2024 |p 5662079 |r 2025-01-20 |t 80 |w 2024-07-09 |y BK |k ING | ||
| 952 | |0 0 |1 0 |2 ddc |4 0 |6 512_500000000000000_GON_2024 |7 0 |8 A |9 596023 |a BIBING |b BIBING |d 2024-07-08 |e Donación |h v.4 |i 5662080 |l 3 |m 1 |o 512.5 GON 2024 |p 5662080 |q 2025-05-13 |r 2025-05-06 |s 2025-05-06 |t 81 |w 2024-07-09 |y BK |k ING | ||
| 952 | |0 0 |1 0 |2 ddc |4 0 |6 512_500000000000000_GON_2024 |7 0 |8 A |9 596024 |a BIBING |b BIBING |d 2024-07-08 |e Donación |h v.4 |i 5662081 |o 512.5 GON 2024 |p 5662081 |r 2025-01-20 |t 82 |w 2024-07-09 |y BK |k ING | ||
| 952 | |0 0 |1 0 |2 ddc |4 0 |6 512_500000000000000_GON_2024 |7 0 |8 A |9 596025 |a BIBMAT |b BIBMAT |d 2024-07-08 |e Donación |h v.4 |i 5662082 |o 512.5 GON 2024 |p 5662082 |r 2025-01-20 |t 83 |w 2024-07-09 |y BK |k MAT | ||
| 952 | |0 0 |1 0 |2 ddc |4 0 |6 512_500000000000000_GON_2024 |7 0 |8 A |9 596027 |a BIBING |b BIBING |d 2024-07-08 |e Donación |h v.4 |i 5662083 |l 1 |o 512.5 GON 2024 |p 5662083 |r 2025-01-20 |s 2024-11-14 |t 84 |w 2024-07-09 |y BK |k ING | ||
| 952 | |0 0 |1 0 |2 ddc |4 0 |6 512_500000000000000_GON_2024 |7 0 |8 A |9 596028 |a BIBING |b BIBING |d 2024-07-08 |e Donación |h v.4 |i 5662084 |o 512.5 GON 2024 |p 5662084 |r 2025-01-20 |t 85 |w 2024-07-09 |y BK |k ING | ||
| 952 | |0 0 |1 0 |2 ddc |4 0 |6 512_500000000000000_GON_2024 |7 0 |8 A |9 596029 |a BIBMEC |b BIBMEC |d 2024-07-08 |e Donación |h v.4 |i 5662085 |o 512.5 GON 2024 |p 5662085 |r 2024-07-24 |t 86 |w 2024-07-09 |y BK |k MEC | ||
| 952 | |0 0 |1 0 |2 ddc |4 0 |6 512_500000000000000_GON_2024 |7 0 |8 A |9 596030 |a BIBMEC |b BIBMEC |d 2024-07-08 |e Donación |h v.4 |i 5662086 |l 3 |o 512.5 GON 2024 |p 5662086 |q 2025-05-13 |r 2025-05-06 |s 2025-05-06 |t 87 |w 2024-07-09 |y BK |k MEC | ||
| 952 | |0 0 |1 0 |2 ddc |4 0 |6 512_500000000000000_GON_2024 |7 0 |8 A |9 596031 |a BIBMEC |b BIBMEC |d 2024-07-08 |e Donación |h v.4 |i 5662087 |o 512.5 GON 2024 |p 5662087 |r 2024-07-24 |t 88 |w 2024-07-09 |y BK |k MEC | ||
| 952 | |0 0 |1 0 |2 ddc |4 0 |6 512_500000000000000_GON_2024 |7 0 |8 A |9 596032 |a BIBMEC |b BIBMEC |d 2024-07-08 |e Donación |h v.4 |i 5662088 |o 512.5 GON 2024 |p 5662088 |r 2024-07-24 |t 89 |w 2024-07-09 |y BK |k MEC | ||
| 952 | |0 0 |1 0 |2 ddc |4 0 |6 512_500000000000000_GON_2024 |7 0 |8 A |9 596033 |a BIBMEC |b BIBMEC |d 2024-07-08 |e Donación |h v.4 |i 5662089 |o 512.5 GON 2024 |p 5662089 |r 2024-07-24 |t 90 |w 2024-07-09 |y BK |k MEC | ||
| 952 | |0 0 |1 0 |2 ddc |4 0 |6 512_500000000000000_GON_2024 |7 0 |8 A |9 596034 |a BIBMEC |b BIBMEC |d 2024-07-08 |e Donación |h v.4 |i 5662090 |o 512.5 GON 2024 |p 5662090 |r 2024-07-24 |t 91 |w 2024-07-09 |y BK |k MEC | ||
| 952 | |0 0 |1 0 |2 ddc |4 0 |6 512_500000000000000_GON_2024 |7 0 |8 A |9 596035 |a BIBMEC |b BIBMEC |d 2024-07-08 |e Donación |h v.4 |i 5662091 |o 512.5 GON 2024 |p 5662091 |r 2024-07-24 |t 92 |w 2024-07-09 |y BK |k MEC | ||
| 952 | |0 0 |1 0 |2 ddc |4 0 |6 512_500000000000000_GON_2024 |7 0 |8 A |9 596036 |a BIBMEC |b BIBMEC |d 2024-07-08 |e Donación |h v.4 |i 5662092 |o 512.5 GON 2024 |p 5662092 |r 2024-07-24 |t 93 |w 2024-07-09 |y BK |k MEC | ||
| 952 | |0 0 |1 0 |2 ddc |4 0 |6 512_500000000000000_GON_2024 |7 0 |8 A |9 596037 |a BIBMEC |b BIBMEC |d 2024-07-08 |e Donación |h v.4 |i 5662093 |o 512.5 GON 2024 |p 5662093 |r 2024-07-24 |t 94 |w 2024-07-09 |y BK |k MEC | ||
| 952 | |0 0 |1 0 |2 ddc |4 0 |6 512_500000000000000_GON_2024 |7 0 |8 A |9 596038 |a BIBMEC |b BIBMEC |d 2024-07-08 |e Donación |h v.4 |i 5662094 |o 512.5 GON 2024 |p 5662094 |r 2024-07-24 |t 95 |w 2024-07-09 |y BK |k MEC | ||
| 952 | |0 0 |1 0 |2 ddc |4 0 |6 512_500000000000000_GON_2024 |7 0 |8 A |9 596039 |a BIBMEC |b BIBMEC |d 2024-07-08 |e Donación |h v.4 |i 5662095 |o 512.5 GON 2024 |p 5662095 |r 2024-07-24 |t 96 |w 2024-07-09 |y BK |k MEC | ||
| 952 | |0 0 |1 0 |2 ddc |4 0 |6 512_500000000000000_GON_2024 |7 0 |8 A |9 596040 |a BIBMEC |b BIBMEC |d 2024-07-08 |e Donación |h v.4 |i 5662096 |o 512.5 GON 2024 |p 5662096 |r 2024-07-24 |t 97 |w 2024-07-09 |y BK |k MEC | ||
| 952 | |0 0 |1 0 |2 ddc |4 0 |6 512_500000000000000_GON_2024 |7 0 |8 A |9 596041 |a BIBMEC |b BIBMEC |d 2024-07-08 |e Donación |h v.4 |i 5662097 |o 512.5 GON 2024 |p 5662097 |r 2024-07-24 |t 98 |w 2024-07-09 |y BK |k MEC | ||
| 952 | |0 0 |1 0 |2 ddc |4 0 |6 512_500000000000000_GON_2024 |7 0 |8 A |9 596042 |a BIBMEC |b BIBMEC |d 2024-07-08 |e Donación |h v.4 |i 5662098 |l 1 |o 512.5 GON 2024 |p 5662098 |q 2025-05-12 |r 2025-05-05 |s 2025-05-05 |t 99 |w 2024-07-09 |y BK |k MEC | ||
| 952 | |0 0 |1 0 |2 ddc |4 0 |6 512_500000000000000_GON_2024 |7 0 |8 A |9 596043 |a BIBMEC |b BIBMEC |d 2024-07-08 |e Donación |h v.4 |i 5662099 |l 1 |o 512.5 GON 2024 |p 5662099 |q 2025-05-13 |r 2025-05-06 |s 2025-05-06 |t 100 |w 2024-07-09 |y BK |k MEC | ||